00413pab a2200145 454500008004000000100001900040245008800059260000900147300001300156362001100169650003300180650001700213700002200230773001500252180718b2000 xxu||||| |||| 00| 0 eng d aFenwick, Helen aPublic protest, the Human Rights Act and judicial responses to political expression c2000 ap.627-50 aWinter aHuman rights - Great Britain aHuman rights aPhillipson, Gavin aPublic Law